| 000 | 00890cam a22002891 4500 | ||
|---|---|---|---|
| 999 |
_c20322 _d20322 |
||
| 001 | 6362375 | ||
| 003 | ASL | ||
| 005 | 20231015025855.0 | ||
| 008 | 770217s19611896PK b 000 0 eng | ||
| 010 | _a 13035745 | ||
| 035 | _a(OCoLC)2745123 | ||
| 040 |
_aDLC _cASL _dASL _dDLC |
||
| 042 | _apremarc | ||
| 050 | 0 | 0 |
_aBP50 _b.A7 1913 |
| 082 |
_a297.09 _bARP |
||
| 100 | 1 |
_aArnold, Thomas Walker, _cSir, _d1864-1930. |
|
| 245 | 1 | 4 |
_aThe preaching of Islam: _ba history of the propagation of the Muslim faith; _cby T. W. Arnold. |
| 250 | _a[2d ed.] | ||
| 260 |
_aNew York: _bC. Scribner's sons, _c1961. |
||
| 300 |
_a508, [l] p.: _c23 cm. |
||
| 500 | _aPrinted in Great Britain. | ||
| 504 | _a"Titles of works cited by abbreviated references": p. 440-455. | ||
| 650 | 0 | _aIslam. | |
| 651 | 0 | _aIslamic Empire. | |
| 906 |
_a7 _bcbc _coclcrpl _du _encip _f19 _gy-gencatlg |
||
| 942 |
_2ddc _cBK |
||